重返未来1999全部神秘学家(2.5版本)All Arcanists of Reverse 1999 - Statistics

General Stats
  • This quiz has been taken 45 times
    7 since last reset
  • The average score is 48 of 96
Answer Stats
提示 Answer % Correct
6星 远旅
100%
6星 37
100%
6星 6
100%
6星 J
100%
5星 X
100%
6星 星锑
83%
6星 梅兰妮
83%
6星 马库斯
83%
6星 露西
83%
5星 十四行诗
83%
5星 玛蒂尔达
83%
2星
83%
6星 槲寄生
67%
6星 未锈铠
67%
6星 苏芙比
67%
6星 牙仙
67%
6星 洁西卡
67%
6星 可燃点
67%
6星 爱兹拉
67%
6星 伊索尔德
67%
6星 维拉
67%
6星 北方哨歌
67%
6星 卡卡尼亚
67%
6星 塞梅尔维斯
67%
6星 笃笃骨
67%
6星 纸信圈儿
67%
6星 图图石子
67%
5星 夏利
67%
5星 气球派对
67%
5星 五色月
67%
5星 挖掘艺术
67%
5星 沙丝绒
67%
4星 小春雀儿
67%
2星 无线电小姐
67%
4星 APPLe
67%
4星 TTT
67%
6星 兔毛手袋
50%
6星 新巴别塔
50%
6星 曲娘
50%
6星 葛天
50%
6星 环状水星
50%
6星 蓝手帕
50%
6星 阿尔古斯
50%
6星 天使娜娜
50%
6星 洛佩拉
50%
6星 梁月
50%
5星 婴儿蓝
50%
5星 柏林以东
50%
5星 讣告人
50%
5星 恐怖通
50%
5星 小叶尼塞
50%
4星
50%
4星 狼群
50%
4星 铅玻璃
50%
4星 吵闹鬼
50%
3星 弄臣
50%
3星 拉拉泉
50%
3星 星之眼
50%
3星 先驱者
50%
6星 红弩箭
33%
6星 百夫长
33%
6星 温妮弗雷德
33%
6星 皮克勒斯
33%
6星 鬃毛沙砾
33%
6星 伽菈波那
33%
6星 芭卡洛儿
33%
6星 菲林士多
33%
5星 玛丽莲
33%
5星 帕米埃
33%
5星 坦南特
33%
5星 和平乌鲁
33%
5星 阿夫西维
33%
5星 罗蕾莱
33%
4星 雾行者
33%
4星 莫桑女士
33%
4星 小梅斯梅尔
33%
4星 白朗姆
33%
3星 约翰提托
33%
3星 斯普特尼克
33%
5星 喀嚓喀嚓
17%
5星 金蜜儿
17%
5星 坎吉拉
17%
5星 数羊羔
17%
5星 邓肯先生
17%
5星 宽檐帽
17%
4星 尼克·波顿
17%
4星 芭妮芭妮
17%
4星 红斗篷
17%
4星 爱宠
17%
4星 埃里克
17%
3星 莉拉妮
17%
3星 贝蒂
17%
3星 洋葱头
17%
3星 丽莎&路易斯
17%
6星 泥鯭的士
0%
3星 哒哒达利
0%
No matching quizzes found
Score Distribution
Percent of People with Each Score
Percentile by Number Answered
Your Score History
You have not taken this quiz since the last reset